000 00319nam a2200133 i 4500
001 bg
100 1 _aKOLOMENSKIJ, A. A.
245 0 _aTeorija cikločeskich uskoritelej /
_cA.A. Kolomenskij.
260 _aMoskva,
_c1962.
040 _cBPK
041 _apol
942 _cKS
008 s pl f |000 0 pol
999 _c12721
_d12721
856 _uhttp://koha.tu.koszalin.pl/cgi-bin/koha/opac-detail.pl?biblionumber=12721
_yKatalog online BPK